<?xml version="1.0" encoding="UTF-8"?>
<record
    xmlns:xsi="http://www.w3.org/2001/XMLSchema-instance"
    xsi:schemaLocation="http://www.loc.gov/MARC21/slim http://www.loc.gov/standards/marcxml/schema/MARC21slim.xsd"
    xmlns="http://www.loc.gov/MARC21/slim">

  <leader>01862nam a22002057a 4500</leader>
  <controlfield tag="005">20240315151801.0</controlfield>
  <controlfield tag="008">240301b           ||||| |||| 00| 0 eng d</controlfield>
  <datafield tag="020" ind1=" " ind2=" ">
    <subfield code="a">9780367242480</subfield>
  </datafield>
  <datafield tag="040" ind1=" " ind2=" ">
    <subfield code="c">AL</subfield>
  </datafield>
  <datafield tag="041" ind1=" " ind2=" ">
    <subfield code="a">eng</subfield>
  </datafield>
  <datafield tag="082" ind1=" " ind2=" ">
    <subfield code="2">23</subfield>
    <subfield code="a">777.55</subfield>
    <subfield code="b">WADE</subfield>
  </datafield>
  <datafield tag="100" ind1=" " ind2=" ">
    <subfield code="a">Chris Wadsworth</subfield>
    <subfield code="9">152505</subfield>
  </datafield>
  <datafield tag="245" ind1=" " ind2=" ">
    <subfield code="a">Editor's Toolkit</subfield>
    <subfield code="b">: a hands-on guide to the craft of film and TV editing</subfield>
  </datafield>
  <datafield tag="260" ind1=" " ind2=" ">
    <subfield code="a">New York</subfield>
    <subfield code="b">Focal Press</subfield>
    <subfield code="c">2019</subfield>
  </datafield>
  <datafield tag="300" ind1=" " ind2=" ">
    <subfield code="a">xiv,252p.</subfield>
    <subfield code="b">PB</subfield>
    <subfield code="c">21.5x28cm.</subfield>
  </datafield>
  <datafield tag="365" ind1=" " ind2=" ">
    <subfield code="2">General</subfield>
    <subfield code="a">7739</subfield>
    <subfield code="b">&#x20B9;1244.00</subfield>
    <subfield code="c">&#x20B9;</subfield>
    <subfield code="d">&#x20B9;1595.00</subfield>
    <subfield code="e">22%</subfield>
    <subfield code="f">15-02-2024</subfield>
  </datafield>
  <datafield tag="520" ind1=" " ind2=" ">
    <subfield code="a">The Editor's Toolkit: A Hands-On Guide to the Craft of Film and TV Editing is a tutorial-based introduction to the craft of editing. Today's process of media editing is fast and competitive, making this guide a necessity for anyone looking to break into the business. Here, Chris Wadsworth provides 52 media-based examples for you to put together, with the benefit of seeing what he did with those same exercises, giving you essential feedback to improve your technique and learn the tricks of the trade. Accessible and to-the-point, the primer is a must-read for anyone looking to learn both the art and technique of editing.  This 4-color guide features:
Examples from the world of film and TV that show how even the greatest directors employ the same techniques in their productions that are mentioned in this guide
A look at CV&#x2019;s and the right attitudes that will give you the best chance at breaking into the editing world
Intensive sections about the way music and sound editing can shape the entire production
A companion website featuring video and other media that you can edit on your own, each featuring examples of cuts and techniques discussed in the book as well as a discussion forum.</subfield>
  </datafield>
  <datafield tag="650" ind1=" " ind2=" ">
    <subfield code="2">Cinematography and Videography</subfield>
    <subfield code="a">Editing and Post Production</subfield>
    <subfield code="9">152506</subfield>
  </datafield>
  <datafield tag="942" ind1=" " ind2=" ">
    <subfield code="2">ddc</subfield>
    <subfield code="c">BK</subfield>
  </datafield>
  <datafield tag="999" ind1=" " ind2=" ">
    <subfield code="c">229937</subfield>
    <subfield code="d">229937</subfield>
  </datafield>
  <datafield tag="952" ind1=" " ind2=" ">
    <subfield code="0">0</subfield>
    <subfield code="1">0</subfield>
    <subfield code="2">ddc</subfield>
    <subfield code="4">0</subfield>
    <subfield code="7">0</subfield>
    <subfield code="8">MAJMC</subfield>
    <subfield code="a">SACPG</subfield>
    <subfield code="b">SACPG</subfield>
    <subfield code="d">2024-02-22</subfield>
    <subfield code="e">Biblios Book Point</subfield>
    <subfield code="g">1244.00</subfield>
    <subfield code="l">2</subfield>
    <subfield code="o">777.55 WADE</subfield>
    <subfield code="p">PG024621</subfield>
    <subfield code="r">2025-08-02 12:17:43</subfield>
    <subfield code="s">2025-07-22</subfield>
    <subfield code="v">1595.00</subfield>
    <subfield code="w">2024-03-01</subfield>
    <subfield code="y">BK</subfield>
  </datafield>
</record>
